Lyrics to 'Enamórate De Alguien Más' by Morat? - Statistics

General Stats
  • This quiz has been taken 45 times
  • The average score is 191 of 204
Answer Stats
Answer % Correct
a
100%
alguien
100%
Así
100%
capaz
100%
como
100%
cómo
100%
Dame
100%
darte
100%
de
100%
e
100%
el
100%
en
100%
enamórate
100%
Enamórate
100%
es
100%
excusa
100%
jamás
100%
la
100%
más
100%
me
100%
mejor
100%
no
100%
nunca
100%
odiarte
100%
olvidarte
100%
Para
100%
para
100%
perdida
100%
por
100%
¿Por
100%
Por
100%
Porque
100%
pude
100%
qué
100%
que
100%
Que
100%
remplázame
100%
100%
100%
sin
100%
soy
100%
supe
100%
un
100%
Un
100%
una
100%
vida
100%
Y
100%
yo
100%
aferro
86%
alto
86%
aunque
86%
Ay
86%
ayúdame
86%
con
86%
cuento?
86%
día
86%
difícil
86%
dolor
86%
estaré
86%
favor
86%
fin
86%
final
86%
fue
86%
fuerte
86%
hablarte
86%
hoy
86%
ignórame
86%
ilusionarme
86%
intento
86%
lo
86%
Lo
86%
86%
otro
86%
Pero
86%
pienso
86%
quiera
86%
quiero
86%
recuperarte
86%
sino
86%
superarte
86%
tan
86%
tenerte
86%
variar
86%
voy
86%
enamorar
71%
pase
71%
recuerdo
71%
siempre
71%
suficiente
71%
tiempo
71%
tu
71%
voz
71%
vuelvo
71%
amable
57%
contra
57%
Contra
57%
inolvidable
57%
luchar
57%
No matching quizzes found
Score Distribution
Percent of People with Each Score
Percentile by Number Answered
Your Score History
You have not taken this quiz